000 01296nam0a22002891 4500
001 rc\4285905
005 20260406121745.0
021 _aRU
_b[68-44530]
035 _a(NLR Aleph) 008494363
090 _a8069178
_c8069178
100 _a20130416d1968 |||y0rusy50 ca
101 0 _arus
102 _aRU
105 _aa z |||||
200 1 _aАтмосферная оптика
_e(Труды совещаний по атмосферной оптике Комис. по оптич. нестабильности земной атмосферы Астросовета АН СССР. Пулково, ноябрь-дек. 1965 г. и дек. 1966 г.)
_f[Отв. ред. канд. физ.-мат. наук Н.Б. Дивари]
_gАН СССР. Астрон. совет
210 _aМосква
_cНаука
_d1968
215 _a191 с.
_cчерт.
_d26
320 _aБиблиогр. в конце докладов
606 _aОптические явления в атмосфере
_jСборники
_2psbo
702 1 _aДивари
_bН.Б.
_4340
712 0 2 _4570
_aАН СССР
_bАстрономический совет
_3RU\NLR\AUTH\8814378
_9301925
801 0 _aRU
_bNLR
_gpsbo
801 1 _aRU
_bELAR
_2rusmarc
852 _aNLR
_j68-7/1183
942 _cBOOK
980 _aNB